000
00264nam a22001097a 4500
008
170125b xxu||||| |||| 00| 0 eng d
020
_a
9780697212481
041
_a
eng
080
_a
618.2
245
_a
dna technology the awesome skill
_c
ALCAMO, I.E
942
_2
udc
_c
BK
999
_c
3637
_d
3637